000 00963nam a2200217 i 4500
001 189484
003 SpMaBN
005 20230906223502.0
008 190604q19871988sp a |||| | spa d
080 _a75 Colmeiro, Manuel
100 1 _aMartínez-Barbeito, Carlos,
_d1913-1997
_977884
245 1 0 _aSobre el pintor Manuel Colmeiro /
_cCarlos Martínez-Barbeito.
260 _a[La Coruña :
_bReal Academia Gallega de Bellas Artes de Nuestra Señora del Rosario,
_c1987-1988]
300 _aP. [115]-121, [7] p. de lám. ;
_c25 cm.
594 _aDatos tomados de cub.
595 _aSeparata de: Abrente, publicación de la Real Academia de Bellas Artes de Nuestra Señora del Rosario, n. 19-20, 1987-1988.
600 1 7 _aColmeiro, Manuel (
_d1901-1999)
_939769
710 2 _aReal Academia Gallega de Bellas Artes de Nuestra Señora del Rosario.
_9153117
852 _aES-MaACL
_j2340-F-35
_z. - Dedicatoria autógrafa del autor
999 _c189484
_d189484